01561cam a2200385 a 4500001000400000003000600004005001700010008004100027010001700068020001500085020002200100040003000122042000900152050002300161100002100184245008500205260004300290300006000333505000600393520010900399521002700508521002200535600004500557650004100602650005300643650002000696650001400716700003300730856010400763856008900867906004500956942001501001999001301016952014601029739FISKH20250915081029.0890208s1986 maua j 000 0 eng  a 89060424  a0881064580 a0881064521 (pbk.) aDLCcDLCdDLCdOCoLCdDLC alcac00aQL122.2bP35 1986b1 aPallotta, Jerry.14aThe ocean alphabet book /cby Jerry Pallotta ; illustrated by Frank Mazzola, Jr. aWatertown, MA :bCharlesbridge,c1986. a30 pages. :bchiefly col. illustrations. ;c21 x 26 cm. aO aIntroduces the letters A to Z by describing fish and other creatures living in the North Atlantic Ocean. a600 bLexile  aO bRaz-Plus  2The Ocean Alphabet BookaPallotta, Jerry 0aMarine animalsxJuvenile literature. 0aEnglish languagexAlphabetxJuvenile literature. 1aMarine animals. 1aAlphabet.1 aPallotta, JerryeIllustrator423Contributor biographical informationuhttp://www.loc.gov/catdir/enhancements/fy1401/89060424-b.html423Publisher descriptionuhttp://www.loc.gov/catdir/enhancements/fy1401/89060424-d.html a7bcbccorignewd3eopcnf19gy-gencatlg 2ddccBKn0 c739d739 00102lcc40708NFICa002b002cTTP Yellow d2023-07-05l1oPAL 591.92 QL122.P.35pFIS01182r2025-10-22 10:38:08s2025-10-08w2023-07-05yBK